00747nam a2200169Ia 4500001001000000003000500010008004100015010001100056040000900067100003900076245017500115260003500290300001000325502010900335650008300444710005000527Para_2420CHAP220125s1989 xx 000 0 und d a200954 cCHAP aCarrillo Rivera, José de Jesús aNemátodos asociados al cultivo de la guayaba (Psidium guajava L.) y ensayo de control en el Cañón de Juchipila, Zacatecas /c por José de Jesús Carrillo Rivera aChapingo, Méx. :b El autor a77 h. aTesis (Ing. Agr. Esp. en Parasitología Agrícola) -- UACh. Departamento de Parasitología Agrícola aGuayaba x Zacatecas Nemátodos parásitos de plantas Neloidogyne javanica aUACh. Departamento Parasitología Agrícola